• Países musulmanes

di Geographic Name

Records bibliografici associati: 1

001 - CONTROL NUMBER

  • control field: 56721

003 - CONTROL NUMBER IDENTIFIER

  • control field: IT-RoINE

005 - DATE AND TIME OF LATEST TRANSACTION

  • control field: 20190201044949.0

008 - FIXED-LENGTH DATA ELEMENTS

  • fixed length control field: 190201|| aca||aabn | a|a d

040 ## - CATALOGING SOURCE

  • Original cataloging agency: IT-RoINE
  • Transcribing agency: IT-RoINE

151 ## - HEADING--GEOGRAPHIC NAME

  • Geographic name: Países musulmanes
  • General subdivision: Historia
  • Chronological subdivision: 500-1500 (Edad media)

670 ## - SOURCE DATA FOUND

  • Source citation: Work cat.: (IT-RoINE)0: López Pita, Paulina 56720, Sociedades extraeuropeas medievales: islam y extremo Oriente /, 2012.